000 00436nam a2200157Ia 4500
999 _c30128
_d30128
003 GCL
005 20240530102139.0
008 140319s9999 xx 000 0 ara d
040 _aGCL /
_cGCL
082 0 4 _a229.4
_bع م
100 0 _aعبدالرزاق نوفل
245 1 0 _aمن الايات العلمية /
_cعبدالرزاق نوفل
260 _a[S.N] :
_bدار الشروق ،
_c1989
300 _a131
942 _2ddc
_cBK